Agra and its monumental glory / (Record no. 76817)
[ view plain ]
| 000 -LEADER | |
|---|---|
| fixed length control field | 00874cam a2200301 i 4500 |
| 001 - CONTROL NUMBER | |
| control field | 76817 |
| 003 - CONTROL NUMBER IDENTIFIER | |
| rucl marc code | BD-RjUL |
| 005 - DATE AND TIME OF LATEST TRANSACTION | |
| control field | 20211209082907.0 |
| 008 - FIXED-LENGTH DATA ELEMENTS--GENERAL INFORMATION | |
| fixed length control field | 200121s1977 ii abfj b 00010 eng |
| 035 ## - SYSTEM CONTROL NUMBER | |
| System control number | (BD-RjUL)77041 |
| System control number | 1128938 |
| 040 ## - CATALOGING SOURCE | |
| Original cataloging agency | ANL |
| Language of cataloging | eng |
| Modifying agency | ANL |
| Transcribing agency | BD-RjUL |
| 041 ## - LANGUAGE CODE | |
| Language code of text/sound track or separate title | eng |
| 043 ## - GEOGRAPHIC AREA CODE | |
| Geographic area code | a-ii--- |
| 082 00 - DEWEY DECIMAL CLASSIFICATION NUMBER | |
| Classification number | 915.42 |
| Edition number | 23 |
| Author mark and year | NAA 1977 |
| 100 1# - MAIN ENTRY--PERSONAL NAME | |
| Personal name | Nath, R. |
| 9 (RLIN) | 238053 |
| 245 10 - TITLE STATEMENT | |
| Title | Agra and its monumental glory / |
| Statement of responsibility, etc. | R. Nath. |
| 260 ## - PUBLICATION, DISTRIBUTION, ETC. (IMPRINT) | |
| Place of publication, distribution, etc. | Bombay : |
| Name of publisher, distributor, etc. | Taraporevala, |
| Date of publication, distribution, etc. | 1977. |
| 300 ## - PHYSICAL DESCRIPTION | |
| Pagination | xiii, 104 p., [17] leaves of plates : |
| Illustrations | ill., maps, geneal. table ; |
| Size | 25 cm. |
| 504 ## - BIBLIOGRAPHY, ETC. NOTE | |
| Bibliography, etc | Bibliography: p. [103]-104. |
| 650 #0 - SUBJECT ADDED ENTRY--TOPICAL TERM | |
| Topical term or geographic name as entry element | Monuments |
| Geographic subdivision | India |
| -- | Agra (City) |
| 9 (RLIN) | 238054 |
| 651 #0 - SUBJECT ADDED ENTRY--GEOGRAPHIC NAME | |
| Geographic name | Agra (India) |
| General subdivision | Description and travel. |
| 9 (RLIN) | 238055 |
| 942 ## - ADDED ENTRY ELEMENTS (KOHA) | |
| Source of classification or shelving scheme | Dewey Decimal Classification |
| Koha item type | Books |
| Lost status | Source of classification or shelving scheme | Damaged status | Not for loan | Collection code | Permanent Location | Current Location | Shelving location | Date acquired | Source of acquisition | Cost, normal purchase price | Total Checkouts | Full call number | Date last seen | Copy number | Koha item type |
|---|---|---|---|---|---|---|---|---|---|---|---|---|---|---|---|
| Dewey Decimal Classification | Not For Loan | Non-fiction | Central Library, University of Rajshahi | Central Library, University of Rajshahi | Reading Room | 20/08/1984 | A.B.A. Cal. | 75.00 | 915.42 NAA 1977 | 21/01/2020 | C-1 | Books |